000 00278nam a22001337a 4500
008 170608b xxu||||| |||| 00| 0 eng d
020 _a9780745323053
041 _aeng
080 _a32
100 _a18
101 _aSHP
245 _aGOD WILLING
_cDOMKE.D
942 _2udc
_cBK
999 _c16414
_d16414